000 00247nam a2200097Ia 4500
008 240331s9999 xx 000 0 und d
082 _bIND
100 _aLogo. ed
245 0 _aIndependence of the Judiciary :
_bLogos-Vol.23 No.2, July 1984
942 _cL
999 _c2870
_d2870